000 00544nam a22001697a 4500
010 _aENG-139730
020 _c200.00
035 _aEN-123262
037 _bDBAD
082 _a330.954
100 _aGhodke, N.B
_966046
245 _aSubversion of Nehruvian Economics:
_ba critique of economic reforms /
_cby N.B. Ghodke
260 _aKarnataka
_bVijayalakshmi Prakashana
_c2016
270 _aShree Renuka' 5th Cross Laxmi Nagar Dharwad,
_bKarnataka
_e580004
300 _a160p.
_c21cm(pbk)
942 _2ddc
_cEN
_h330.954
_mGHO
999 _c201552
_d201552